Geografia na literę S na zdjęciach - Statystyki

Ogólne statystyki
  • Ten quiz został rozwiązany 21 razy
  • Średni wynik to 9 z 18
Statystyki odpowiedzi
Obrazkowy Hint Odpowiedź % Poprawnych
państwo Szwecja
93%
pustynia Sahara
79%
miasto Sydney
79%
"kraj" Szkocja
79%
państwo Szwajcaria
79%
kościół Sagrada Familia
71%
rzeka San
71%
kanał Kanał {Sueski}
64%
miasto Szanghaj
57%
pasmo górskie Góry {Stołowe}
50%
wyspa Santorini
43%
państwo Słowacja
43%
miasto Singapur
36%
miasto San Francisco
29%
miasto Szczecin
29%
park narodowy Serengeti
14%
miasto Sankt Petersburg
7%
miasto Sosnowiec
7%
Nie znaleziono quizów pasujących do podanych kryteriów
Rozkład punktacji
Procent ludzi z każdym wynikiem
Percentyl według liczby udzielonych odpowiedzi
Twoja historia wyników
Nie rozwiązałeś tego quizu